000 00535nam a2200193Ia 4500
003 GCL
008 140319s9999 xx 000 0 ara d
040 _aGCL /
_cGCL
082 0 4 _aط
_b372.72
_bد ت
100 1 _aدار الشروق
245 1 0 _aهيا بنا نعد من 1 الى 20 /
_cدار الشروق
260 _a[S.N] :
_bدار الشروق ،
_c1991
300 _a48 ص
490 _aتعلم مع ميكى
_v0
650 0 4 _aالاطفال
650 0 4 _aالقراءة
650 0 4 _aالحساب
942 _2ddc
_cBK
999 _c56298
_d56298